| 000 | 00868 a2200193 4500 | ||
|---|---|---|---|
| 003 | Nust | ||
| 005 | 20170207153230.0 | ||
| 010 | _a637401 | ||
| 040 | _cNust | ||
| 082 | _a515.352 | ||
| 100 | _aMorris Tenenbaum | ||
| 245 |
_aOrdinary differential Equations _cMorris Tenenbaum |
||
| 260 |
_aNew york _bHarper international _c1963 |
||
| 300 | _a807p | ||
| 505 | _aBasic Concepts (Page-1), Special Types Of Differential Equations Of The First Order (Page-46), Problems Leading To Differential Equations Of The First Order (Page-107), Linear Differential Equations Of Order Greater Than One (Page-196), Operators And Laplace Transforms (Page-250), Problem Leading To Linear Differential Equations (Page-313), Series Methods (Page-531), Numerical Methods (Page-631). | ||
| 538 | _aAlmirah No.13 Shelf No. 5 | ||
| 600 | _aMorris Tenebaum | ||
| 650 | _aDifferential Equations | ||
| 942 |
_2ddc _cBK |
||
| 999 |
_c181936 _d181936 |
||